[Event "Está brincando, Sr. Feynman?!"]
[Site "http://www.queenalice.com/game.php?id=538716"]
[Date "2009.2.11"]
[Round "-"]
[White "ricardoaw18"]
[Black "Feynman"]
[Result "1-0"]
[WhiteElo "2266"]
[BlackElo "1933"]

1. e4 e5 2. Nf3 Nc6 3. Bb5 a6 4. Ba4 Nf6 5. O-O Nxe4 6. d4 b5 7. Bb3 d5 8. dxe5
Be6 9. c3 Bc5 10. Nbd2 O-O 11. Bc2 f5 12. Nb3 Bb6 13. Nbd4 Nxd4 14. Nxd4 Bxd4
15. cxd4 f4 16. f3 Ng3 17. hxg3 fxg3 18. Qd3 Bf5 19. Qxf5 Rxf5 20. Bxf5 Qh4 21.
Bh3 Qxd4+ 22. Kh1 Qxe5 23. Bd2 Qxb2 24. Bf4 c5 25. Be6+ 1-0

[Event "Challenge"]
[Site "http://www.queenalice.com/game.php?id=539160"]
[Date "2009.2.12"]
[Round "-"]
[White "paloberto"]
[Black "ricardoaw18"]
[Result "0-1"]
[WhiteElo "1597"]
[BlackElo "2290"]

1. e4 e6 2. d4 d5 3. Nc3 Bb4 4. e5 c5 5. a3 Bxc3+ 6. bxc3 Qc7 7. Nf3 Ne7 8. Be3
Nbc6 9. Bd3 Bd7 10. O-O c4 11. Be2 Nf5 12. Bf4 Nce7 13. g4 Ng6 14. Bg5 Nfe7 15.
h4 h5 16. gxh5 Rxh5 17. Nd2 Rh8 18. h5 Nf8 19. Bg4 Nh7 20. Be3 O-O-O 21. Re1 f6
22. Nf3 Rdg8 23. a4 f5 24. Bh3 g5 25. hxg6 Nxg6 26. Bg2 Be8 27. Qc1 Qf7 28. a5
a6 29. Rd1 f4 30. Bd2 Qf5 31. Qb2 Nhf8 32. Rdc1 Nh4 33. Nxh4 Rxh4 34. Bxf4 Rxg2+
35. Kxg2 Qh3+ 0-1

[Event "AUTO-ADV-1135"]
[Site "http://www.queenalice.com/game.php?id=566939"]
[Date "2009.4.4"]
[Round "2"]
[White "alexsoncini"]
[Black "ricardoaw18"]
[Result "0-1"]
[WhiteElo "2049"]
[BlackElo "2299"]

1. d4 c5 2. dxc5 Nc6 3. Nc3 Nf6 4. e4 e5 5. Be3 Qa5 6. Nf3 Nxe4 7. Bd3 Nxc3 8.
bxc3 Qxc3+ 9. Kf1 Bxc5 10. Bxc5 Qxc5 11. Ng5 Qe7 12. h4 h6 13. Qh5 d5 14. Nxf7
O-O 15. Qg6 e4 16. Re1 Rxf7 17. c4 Bf5 18. Qg3 Qc5 19. cxd5 exd3 20. dxc6 d2 0-1

[Event "AUTO-ADV-1135"]
[Site "http://www.queenalice.com/game.php?id=566940"]
[Date "2009.4.4"]
[Round "2"]
[White "ricardoaw18"]
[Black "alexsoncini"]
[Result "1-0"]
[WhiteElo "2293"]
[BlackElo "2074"]

1. Nf3 f6 2. d4 Kf7 3. e4 e6 4. Bc4 d5 5. exd5 exd5 6. Bb3 Be6 7. O-O c5 8. dxc5
Bxc5 9. Bf4 Nc6 10. Nbd2 Nh6 11. c4 g5 12. cxd5 gxf4 13. dxe6+ Ke7 14. Qc2 Bd4
15. Rad1 Ne5 16. Nxd4 Qxd4 17. Qc7+ Ke8 18. Nf3 Qb6 19. Ba4+ Nc6 20. Qd7+ Kf8
21. Bxc6 Qxc6 22. e7+ Kf7 23. e8=Q# 1-0

[Event "AUTO-ADV-1135"]
[Site "http://www.queenalice.com/game.php?id=566943"]
[Date "2009.4.4"]
[Round "2"]
[White "ricardoaw18"]
[Black "salso"]
[Result "0-1"]
[WhiteElo "2167"]
[BlackElo "2002"]

1. e4 e5 2. Nf3 d6 3. Bc4 Be7 4. Nc3 c6 5. O-O Nf6 6. h3 Nbd7 7. d4 Qc7 8. dxe5
dxe5 9. Qe2 b5 10. Bb3 a5 11. a3 Nc5 12. Ba2 Be6 13. Bxe6 Nxe6 14. Rd1 O-O 15.
Be3 Rfd8 16. Rd3 b4 17. axb4 axb4 18. Rxd8+ Qxd8 19. Rxa8 Qxa8 20. Nd1 Bd6 21.
Bb6 c5 22. c3 bxc3 23. Nxc3 Nd4 24. Nxd4 cxd4 25. Nb5 Qxe4 0-1

[Event "AUTO-ADV-1135"]
[Site "http://www.queenalice.com/game.php?id=566944"]
[Date "2009.4.4"]
[Round "2"]
[White "salso"]
[Black "ricardoaw18"]
[Result "0-1"]
[WhiteElo "2031"]
[BlackElo "2303"]

1. d4 Nf6 2. Nc3 d5 3. Qd3 Nc6 4. Bf4 g6 5. Nb5 e5 6. dxe5 Bf5 7. exf6 Bxd3 8.
Nxc7+ Kd7 9. exd3 Bd6 10. Bxd6 Kxd6 11. Nxa8 Qxf6 12. O-O-O Rxa8 13. Nf3 Rc8 14.
Nd2 Nb4 15. c4 Ke7 16. a3 Nc6 17. f3 b5 18. Kb1 bxc4 19. dxc4 Rb8 20. b4 Nxb4
21. axb4 Rxb4+ 22. Kc2 Qb2+ 23. Kd3 d4 24. Ke4 f5+ 25. Kf4 Kf6 26. h4 Qc3 27. g4
Qe3+ 28. Kg3 Rb2 29. Bg2 f4+ 30. Kh3 Rxd2 31. Rxd2 Qxd2 32. Rf1 Qe3 33. g5+ Ke5
34. Kg4 d3 35. h5 d2 36. hxg6 hxg6 0-1

[Event "AUTO-MASTER-683"]
[Site "http://www.queenalice.com/game.php?id=569287"]
[Date "2009.4.9"]
[Round "2"]
[White "carbon"]
[Black "ricardoaw18"]
[Result "1-0"]
[WhiteElo "2247"]
[BlackElo "2228"]

1. e4 c5 2. Nc3 Nc6 3. g3 d6 4. Bg2 Nf6 5. f4 Bg4 6. Nf3 Nd4 7. h3 Bxf3 8. Bxf3
Nxf3+ 9. Qxf3 Qc7 10. d3 e6 11. Be3 Rd8 12. g4 a6 13. O-O Be7 14. Rae1 O-O 15.
d4 1-0

[Event "AUTO-MASTER-683"]
[Site "http://www.queenalice.com/game.php?id=569288"]
[Date "2009.4.9"]
[Round "2"]
[White "ricardoaw18"]
[Black "carbon"]
[Result "0-1"]
[WhiteElo "2217"]
[BlackElo "2258"]

1. Nf3 Nf6 2. c4 g6 3. Nc3 Bg7 4. g3 O-O 5. Bg2 c5 6. O-O Nc6 7. d3 d5 8. cxd5
Nxd5 9. Bd2 e6 10. Qc1 b6 11. Bh6 Bb7 12. Bxg7 Kxg7 13. e3 Qd7 14. Rd1 Rac8 15.
a3 Rfd8 16. e4 Nde7 0-1

[Event "AUTO-OPEN-1350"]
[Site "http://www.queenalice.com/game.php?id=578770"]
[Date "2009.4.27"]
[Round "2"]
[White "Soulpower74"]
[Black "ricardoaw18"]
[Result "1-0"]
[WhiteElo "2102"]
[BlackElo "2270"]

1. d4 Nf6 2. c4 c5 3. d5 b5 4. cxb5 a6 5. e3 d6 6. Nf3 Bb7 7. Nc3 g6 8. bxa6
Nxa6 9. Bc4 Bg7 10. O-O O-O 11. e4 Qb6 12. Qe2 Nc7 13. Be3 1-0